| 000 | 00400nam a22001697a 4500 | ||
|---|---|---|---|
| 999 |
_c11456 _d11456 |
||
| 003 | OSt | ||
| 008 | 220810b ||||| |||| 00| 0 eng d | ||
| 020 | _a9789380005362 | ||
| 082 | _a822.912 SHS | ||
| 100 | _aSHAW, George Bernard | ||
| 245 | _aSaint Joan | ||
| 250 | _a1st ed. | ||
| 260 |
_aNoida _bMaple Press Pvt. Ltd. _c2021 |
||
| 300 | _a184 p. | ||
| 650 | _aEnglish (H) | ||
| 942 |
_2ddc _cBK _010 |
||